| 000 | 00642nmm a22002417a 4500 | ||
|---|---|---|---|
| 005 | 20200205181438.0 | ||
| 008 | 190117b xxu||||| |||| 00| 0 spa d | ||
| 041 | _aspa | ||
| 082 | _aGT 52 | ||
| 100 |
_aNaranjo Gutiérrez Jeannette _957439 |
||
| 100 |
_aCubero Brenes, Alisson _957440 |
||
| 100 |
_aPicado Arce, Kacey _957441 |
||
| 245 | _aMacrosistema del Cantón de San Isidro | ||
| 260 | _c2019 | ||
| 300 | _a68 páginas | ||
| 502 | _a | ||
| 650 |
_aCOSTA RICA _957442 |
||
| 650 |
_aTURISMO _9894 |
||
| 650 |
_aGEOGRAFÍA TURÍSTICA _96732 |
||
| 650 |
_aCANTÓN DE SAN ISIDRO _957443 |
||
| 650 |
_aHEREDIA _94426 |
||
| 942 | _cGT | ||
| 999 |
_c12576 _d12576 |
||